Уголовное право, процесс и криминалистика: теория и проблемы практики в условиях современности (Запись № 13736947)

Подробности
000 -МАРКЕР
контрольное поле 03267nam0a2200433 4500
001 - ИДЕНТИФИКАТОР ЗАПИСИ
контрольное поле RU\NLR\BIBL_A\022776329
005 - ИДЕНТИФИКАТОР ВЕРСИИ
контрольное поле 20260623074700.0
010 ## - МЕЖДУНАРОДНЫЙ СТАНДАРТНЫЙ НОМЕР КНИГИ (ISBN)
Номер (ISBN) 978-5-6055160-2-6
Тираж 50
021 ## - НОМЕР ГОСУДАРСТВЕННОЙ РЕГИСТРАЦИИ
Код страны Российская Федерация
Номер КН-П-26-008610
Номер Листа государственной регистраци КН-П-26-0821
035 ## - ДРУГИЕ СИСТЕМНЫЕ НОМЕРА
Идентификатор записи (NLR Aleph) 022776329
100 ## - ДАННЫЕ ОБЩЕЙ ОБРАБОТКИ
Данные общей обработки 20260406d2025 k y0rusy50 ca
101 0# - ЯЗЫК РЕСУРСА
Язык текста, звукозаписи и т.д. русский
Язык резюме английский
102 ## - СТРАНА ПУБЛИКАЦИИ ИЛИ ПРОИЗВОДСТВА
Страна публикации Российская Федерация
105 ## - ПОЛЕ КОДИРОВАННЫХ ДАННЫХ: ТЕКСТОВЫЕ МАТЕРИАЛЫ, МОНОГРАФИЧЕСКИЕ
Кодированные данные о монографическом текстовом документе ac z 110yy
181 #0 - ПОЛЕ КОДИРОВАННЫХ ДАННЫХ: ВИД СОДЕРЖАНИЯ
Код вида содержания (ISBD) i
Код характеристики содержания (ISBD) xxe
182 #0 - ПОЛЕ КОДИРОВАННЫХ ДАННЫХ: ТИП СРЕДСТВА
Код типа средства (ISBD) n - непосредственное
200 1# - ЗАГЛАВИЕ И СВЕДЕНИЯ ОБ ОТВЕТСТВЕННОСТИ
Основное заглавие Уголовное право, процесс и криминалистика: теория и проблемы практики в условиях современности
Сведения, относящиеся к заглавию сборник статей
-- [материалы всероссийской научно-практической конференции, г. Сочи, 23–24 мая 2025 года]
Первые сведения об ответственности Всероссийский государственный университет юстиции (РПА Минюста России), Сочинский филиал, Кафедра уголовного права и процесса
Последующие сведения об ответственности научные редакторы: Пильников Сергей Георгиевич, Кузнецов Алексей Александрович, кандидаты юридических наук, доценты
203 ## - ВИД СОДЕРЖАНИЯ И ТИП СРЕДСТВА
Вид содержания Текст
Дополнительные сведения об издании визуальный
Тип средства непосредственный
210 ## - ПУБЛИКАЦИЯ, РАСПРОСТРАНЕНИЕ И ДР.
Место издания, распространения и т.д. Сочи
Имя издателя, распространителя и т. д. [б. и.]
Место издания, распространения и т.д. Ростов-на-Дону
Имя издателя, распространителя и т. д. Спутник науки
Дата издания, распространения и т.д. 2025
215 ## - ФИЗИЧЕСКАЯ ХАРАКТЕРИСТИКА
Специфическое обозначение материала и объем 197, [1] с.
Другие сведения о физической характеристике ил., портр.
Размеры 21
225 1# - СЕРИЯ
Основное заглавие серии От теории – к практике
300 ## - ОБЩИЕ ПРИМЕЧАНИЯ
Текст примечания Рез. ст. англ.
300 ## - ОБЩИЕ ПРИМЕЧАНИЯ
Текст примечания Посвящ. 10-летию образования Соч. фил. ВГУЮ (РПА Минюста России)
320 ## - ПРИМЕЧАНИЯ О НАЛИЧИИ В ДОКУМЕНТЕ БИБЛИОГРАФИИ / УКАЗАТЕЛЯ
Текст примечания Библиогр. в конце ст. и в подстроч. примеч.
606 1# - НАИМЕНОВАНИЕ ТЕМЫ КАК ПРЕДМЕТ
Наименование темы Уголовное право
Формальный подзаголовок Съезды, совещания и т.п
Географический подзаголовок Российская Федерация
Системный номер авторитетной/нормативной записи 2158871
Идентификатор авторитетной/нормативной записи RU\NLR\AUTH\661299404
606 1# - НАИМЕНОВАНИЕ ТЕМЫ КАК ПРЕДМЕТ
Наименование темы Уголовный процесс
Формальный подзаголовок Съезды, совещания и т.п
Географический подзаголовок Российская Федерация
Системный номер авторитетной/нормативной записи 2078728
Идентификатор авторитетной/нормативной записи RU\NLR\AUTH\661254592
606 1# - НАИМЕНОВАНИЕ ТЕМЫ КАК ПРЕДМЕТ
Наименование темы Криминалистика
Формальный подзаголовок Съезды, совещания и т.п
Географический подзаголовок Российская Федерация
Системный номер авторитетной/нормативной записи 2082870
Идентификатор авторитетной/нормативной записи RU\NLR\AUTH\661258910
686 1# - ИНДЕКСЫ ДРУГИХ КЛАССИФИКАЦИЙ
Индекс Х628.1я431
686 1# - ИНДЕКСЫ ДРУГИХ КЛАССИФИКАЦИЙ
Индекс Х629.3я431
686 1# - ИНДЕКСЫ ДРУГИХ КЛАССИФИКАЦИЙ
Индекс Х629.4я431
702 #1 - ИМЯ ЛИЦА - ВТОРИЧНАЯ ОТВЕТСТВЕННОСТЬ
Начальный элемент ввода Пильников
Часть имени, кроме начального элемента ввода С. Г.
Даты 1979-
Расширение инициалов личного имени Сергей Георгиевич
Код отношения Редактор
711 12 - НАИМЕНОВАНИЕ ОРГАНИЗАЦИИ - АЛЬТЕРНАТИВНАЯ ОТВЕТСТВЕННОСТЬ
Начальный элемент ввода "Уголовное право, процесс и криминалистика: теория и проблемы практики в условиях современности", всероссийская научно-практическая конференция
Место проведения временной организации Сочи
Дата проведения временной организации 2025
Системный номер авторитетной/нормативной записи 2705282
Идентификатор авторитетной/нормативной записи RU\NLR\AUTH\880641479
712 02 - НАИМЕНОВАНИЕ ОРГАНИЗАЦИИ - ВТОРИЧНАЯ ОТВЕТСТВЕННОСТЬ
Код отношения Организатор конференции
Начальный элемент ввода Всероссийский государственный университет юстиции
Структурное подразделение Сочинский филиал
-- Кафедра уголовного права и процесса
Системный номер авторитетной/нормативной записи 2705283
Идентификатор авторитетной/нормативной записи RU\NLR\AUTH\880641480
942 ## - ДОПОЛНИТЕЛЬНЫЕ ЭЛЕМЕНТЫ ЗАПИСИ (АБИС)
Тип экземпляра АБИС Книга
980 ## - КОЛЛЕКЦИЯ
Название коллекции Национальная библиография

Нет доступных экземпляров.